000 00638nam a2200253Ia 4500
003 OSt
005 20220912151248.0
006 a|||||r|||| 00| 0
007 ta
008 220909b |||||||| |||| 00| 0 eng d
024 _a34370
037 _cTextual
040 _aCSL
_beng
_cCSL
041 _aeng
082 _aY15:1.4413, M3
100 _aRao N J U
245 0 _aWomen in a developing society
260 _aNew Delhi
_b Ashish
_c1983
300 _avi,180p.
_ccm.
650 _a Women studies
650 _aSociology
942 _hY15:1.4413, M3
_cTEXL
_2CC
999 _c64725
_d64725